Feedback control systems / (Record no. 183934)
[ view plain ]
| 000 -LEADER | |
|---|---|
| fixed length control field | 01167 a2200205 4500 |
| 003 - CONTROL NUMBER IDENTIFIER | |
| control field | Nust |
| 005 - DATE AND TIME OF LATEST TRANSACTION | |
| control field | 20230102130109.0 |
| 010 ## - LIBRARY OF CONGRESS CONTROL NUMBER | |
| LC control number | 89030537 |
| 020 ## - INTERNATIONAL STANDARD BOOK NUMBER | |
| International Standard Book Number | 0133136515 |
| 040 ## - CATALOGING SOURCE | |
| Transcribing agency | Nust |
| 082 00 - DEWEY DECIMAL CLASSIFICATION NUMBER | |
| Classification number | 629.83,VEG |
| 100 2# - MAIN ENTRY--PERSONAL NAME | |
| Personal name | Vande Vegte, J. |
| 9 (RLIN) | 106615 |
| 245 10 - TITLE STATEMENT | |
| Title | Feedback control systems / |
| Statement of responsibility, etc. | John van de Vegte. |
| 250 ## - EDITION STATEMENT | |
| Edition statement | 3rd ed. |
| 260 ## - PUBLICATION, DISTRIBUTION, ETC. | |
| Place of publication, distribution, etc. | Englewood Cliffs, N.J. : |
| Name of publisher, distributor, etc. | Prentice-Hall, |
| Date of publication, distribution, etc. | c1994. |
| 300 ## - PHYSICAL DESCRIPTION | |
| Extent | xiv, 451 p. : |
| Other physical details | ill. ; |
| Dimensions | 25 cm. |
| 505 ## - FORMATTED CONTENTS NOTE | |
| Formatted contents note | Introduction and Linearized Dynamic Models (Page-1), Transfer Function Models of Physical Systems (Page-30), Modeling of Feedback Systems and Controllers (Page-60), The Performance of Feedback Systems (Page-97), Introduction to Feedback System Design (Page-125), The Root Locus Method (Page-157), Frequency Response Analysis (Page-195), Frequency Response Design (Page-222), Digital Control Systems (Page-264), Digital Control System Analysis and Design (Page-289), State Space Analysis (Page-321), Introduction to Stat Space Design (Page-351), Multivariable systems in the Frequency Domain (Page-385), Nonlinear Control Systems (Page-399). |
| 650 #0 - SUBJECT ADDED ENTRY--TOPICAL TERM | |
| Topical term or geographic name entry element | Feedback control systems. |
| 942 ## - ADDED ENTRY ELEMENTS (KOHA) | |
| Source of classification or shelving scheme | |
| Koha item type | Book |
| Withdrawn status | Lost status | Source of classification or shelving scheme | Damaged status | Not for loan | Permanent Location | Current Location | Shelving location | Date acquired | Full call number | Barcode | Date last seen | Price effective from | Koha item type | Public note |
|---|---|---|---|---|---|---|---|---|---|---|---|---|---|---|
| Military College of Signals (MCS) | Military College of Signals (MCS) | General Stacks | 12/12/2016 | 629.83,VEG | MCS5174 | 12/08/2016 | 12/12/2016 | Book | Almirah No.41, Shelf No.6 |
